000 01510nam a2200217 a 4500
008 200311s1983 a ||||gr|||| 000 0 spa d
020 _a9586020169
041 _aspa
092 _c808
_l54
_sMUR
100 1 _aMurphy, Paul.
_93938
245 3 _aLa papisa /
_cPaul Murphy.
250 _a3a ed.
_bTraducción Adolfo Martín.
260 _aBuenos Aires:
_bPlaza & Janes;
_c1983.
300 _a367 p.
500 _aMurphy, P. y Arlington, R. R. (1983). La papisa. (3a ed.). Buenos Aires : Plaza & Janes.
505 _aA los ochenta y siete años sigue siendo tal como la vi en su edad madura..., asombrosamente menuda y angélica, aunque también de una vitalidad sorprendente y apasionante. Ahora, igual que entonces, parece ser una generación posterior a la suya, una mujer con luminosos ojos de un gris azulado, y fresca tez de tinte ruboroso. -¡Deje de mirar y tome asiento, por Dios! - exclama, intentando su imagen de Madre Superiora. Pero esta severidad reviste apenas su vanidad y se pierde en una tierna sonrisa. Ella sabe que tú has hecho un largo viaje a Roma con una finalidad muy concreta, y pertenece lo suficiente a la vieja escuela -disciplinada y directa- para no desperdiciar el tiempo, ni el tuyo ni el suyo. -Quizá quiera usted conversar un rato, ¿verdad? pregunta Sor Pascualina tras un breve intercambio de cumplidos.
590 _aProyecto 4to libro. Donación Pardo Paula. Marzo 2020.
655 _aLiteratura
_92917
700 1 _aArlington, R. René
_93939
942 _2ddc
_cLIT
999 _c3089
_d3089